[Event "Francophonie-Tch rapid Online"]
[Site "Tornelo"]
[Date "2022.06.04"]
[Round "10.1"]
[White "Rodrigue-Lemieux, Shawn"]
[Black "Boidiya, Sidi"]
[Result "0-1"]
[WhiteElo "2366"]
[BlackElo "1997"]
[PlyCount "64"]
[EventDate "2022.06.04"]
[EventType "team"]
[EventRounds "11"]
[EventCountry "NET"]
[WhiteTeam "Kanada"]
[BlackTeam "MTN"]
[WhiteTeamCountry "CAN"]

1. c4 c6 2. g3 Nf6 3. Bg2 g6 4. Nf3 Bg7 5. b3 O-O 6. Bb2 d5 7. O-O Nbd7 8. d3
Re8 9. cxd5 cxd5 10. d4 Ne4 11. Nc3 Ndf6 12. Rc1 Bd7 13. Ne5 Nxc3 14. Bxc3 Bb5
15. Qd2 Ne4 16. Qf4 f6 17. Nd3 Nxc3 18. Rxc3 e5 19. dxe5 fxe5 20. Qb4 Bc6 21.
Rc2 e4 22. Nf4 Qf6 23. Rd1 d4 24. Rc5 Rad8 25. Bh3 Kh8 26. Qc4 d3 27. exd3 exd3
28. Bg2 d2 29. Nd3 Rxd3 30. Qxd3 Re1+ 31. Qf1 Rxf1+ 32. Kxf1 Qd4 0-1

[Event "Francophonie-Tch rapid Online"]
[Site "Tornelo"]
[Date "2022.06.04"]
[Round "11.1"]
[White "Tuzi, Bruna"]
[Black "Rodrigue-Lemieux, Shawn"]
[Result "0-1"]
[WhiteElo "2030"]
[BlackElo "2366"]
[PlyCount "48"]
[EventDate "2022.06.04"]
[EventType "team"]
[EventRounds "11"]
[EventCountry "NET"]
[WhiteTeam "Albanien"]
[BlackTeam "Kanada"]
[WhiteTeamCountry "ALB"]
[BlackTeamCountry "CAN"]

1. e4 c6 2. d4 d5 3. exd5 cxd5 4. Nf3 Nc6 5. Bd3 Bg4 6. c3 Qc7 7. O-O e6 8.
Nbd2 Bd6 9. Re1 Bxh2+ 10. Kh1 Bd6 11. Nf1 Nf6 12. b4 O-O 13. a4 e5 14. b5 Bxf3
15. gxf3 Ne7 16. Bb2 exd4 17. cxd4 Qd7 18. Kg2 Ng6 19. Bc1 Nh4+ 20. Kg1 Qh3 21.
Ne3 Bh2+ 22. Kh1 Bg3+ 23. Kg1 Qh2+ 24. Kf1 Qxf2# 0-1

[Event "Titled Tuesday 2022.01.11"]
[Site "chess.com INT"]
[Date "2022.01.11"]
[Round "3"]
[White "Sliwicki, D."]
[Black "Rodrigue-Lemieux, Shawn"]
[Result "0-1"]
[WhiteElo "2168"]
[BlackElo "2334"]
[PlyCount "90"]
[EventDate "2022.01.11"]
[EventType "swiss (blitz)"]
[EventRounds "11"]
[EventCountry "NET"]
[Source "Mark Crowther"]
[SourceDate "2022.01.17"]

1. e4 c6 2. Nc3 d5 3. Nf3 Bg4 4. h3 Bxf3 5. Qxf3 Nf6 6. d3 e6 7. Qg3 g6 8. Bd2
Nbd7 9. O-O-O Bg7 10. Kb1 Qb6 11. b3 Nc5 12. e5 Nfd7 13. d4 Na6 14. Bxa6 Qxa6
15. f4 O-O-O 16. h4 h5 17. Qf2 Kb8 18. Na4 Ka8 19. Bb4 b6 20. Qf1 Qxf1 21.
Rhxf1 Kb7 22. g3 Rc8 23. Bd6 c5 24. c4 dxc4 25. dxc5 cxb3 26. axb3 bxc5 27. Be7
Rc7 28. Rxd7 Rxd7 29. Nxc5+ Kc6 30. Nxd7 Kxd7 31. Bc5 Rc8 32. Rd1+ Ke8 33. Bxa7
Rc3 34. Kb2 Rxg3 35. b4 Rf3 36. b5 Rxf4 37. b6 Rxh4 38. b7 Rb4+ 39. Kc3 Rxb7
40. Bd4 Rd7 41. Ra1 Rd8 42. Kc4 Kf8 43. Ra7 Kg8 44. Bc5 Bxe5 45. Bf8 Rxf8 0-1

[Event "Titled Tuesday 2022.01.11"]
[Site "chess.com INT"]
[Date "2022.01.11"]
[Round "4"]
[White "Rodrigue-Lemieux, Shawn"]
[Black "Florescu, Codrut"]
[Result "1-0"]
[WhiteElo "2334"]
[BlackElo "2284"]
[PlyCount "63"]
[EventDate "2022.01.11"]
[EventType "swiss (blitz)"]
[EventRounds "11"]
[EventCountry "NET"]
[Source "Mark Crowther"]
[SourceDate "2022.01.17"]

1. c4 e6 2. g3 d5 3. Bg2 Nf6 4. Nf3 Be7 5. O-O O-O 6. b3 a5 7. Nc3 c6 8. e3 b6
9. Bb2 Ba6 10. d3 Nbd7 11. Rc1 Qb8 12. Qe2 b5 13. Nd4 Rc8 14. Rfd1 bxc4 15.
bxc4 Ne5 16. cxd5 cxd5 17. Na4 Rxc1 18. Bxc1 Qb4 19. Nb2 Rc8 20. h3 a4 21. a3
Qc3 22. Nxa4 Qxc1 23. Rxc1 Rxc1+ 24. Kh2 Bxd3 25. Qb2 Rc8 26. Nxe6 Nc4 27. Qb7
Re8 28. Nc7 Rf8 29. Nxd5 Nxd5 30. Bxd5 Bf6 31. Nc5 Be2 32. Nd7 1-0

[Event "Youth World Cup U18 KO"]
[Site "Tornelo INT"]
[Date "2021.08.26"]
[Round "1.1"]
[White "Aronyak, Ghosh"]
[Black "Rodrigue-Lemieux, Shawn"]
[Result "1-0"]
[WhiteElo "2440"]
[BlackElo "2276"]
[PlyCount "87"]
[EventDate "2021.08.26"]
[EventType "k.o. (rapid)"]
[EventRounds "4"]
[EventCountry "NET"]
[Source "Mark Crowther"]
[SourceDate "2021.08.30"]

1. d4 Nf6 2. Bf4 d5 3. e3 c5 4. Nf3 Nc6 5. Nbd2 cxd4 6. exd4 Bf5 7. c3 e6 8.
Qb3 Qc8 9. Be2 Be7 10. O-O O-O 11. Rfe1 Rd8 12. a4 Bd6 13. Bxd6 Rxd6 14. a5 Qc7
15. a6 b6 16. Bb5 Rdd8 17. Nf1 Ne4 18. Ng3 Nxg3 19. Bxc6 Qxc6 20. hxg3 Rac8 21.
Ne5 Qd6 22. Qd1 b5 23. Qb3 f6 24. Nf3 Bd3 25. Re3 Bc4 26. Qb4 Qxb4 27. cxb4 e5
28. b3 e4 29. bxc4 Rxc4 30. Nd2 Rxd4 31. Nb3 Rxb4 32. Na5 Rd6 33. Nb7 Rc6 34.
Rd1 f5 35. g4 d4 36. Ree1 g6 37. gxf5 gxf5 38. Rc1 Rxa6 39. Rc7 Rc4 40. Rd7 d3
41. Rb1 f4 42. Nd6 Rcc6 43. Rxb5 Rab6 44. Rg5+ 1-0

[Event "Youth World Cup U18 KO"]
[Site "Tornelo INT"]
[Date "2021.08.26"]
[Round "1.2"]
[White "Rodrigue-Lemieux, Shawn"]
[Black "Aronyak, Ghosh"]
[Result "1/2-1/2"]
[WhiteElo "2276"]
[BlackElo "2440"]
[PlyCount "53"]
[EventDate "2021.08.26"]
[EventType "k.o. (rapid)"]
[EventRounds "4"]
[EventCountry "NET"]
[Source "Mark Crowther"]
[SourceDate "2021.08.30"]

1. c4 c5 2. g3 g6 3. Bg2 Bg7 4. Nc3 Nc6 5. Nf3 e6 6. O-O Nge7 7. d3 O-O 8. Bg5
h6 9. Bd2 d5 10. a3 b6 11. Rb1 Bb7 12. cxd5 exd5 13. b4 cxb4 14. axb4 d4 15.
Na4 Nd5 16. Qb3 Re8 17. Rfe1 Qd7 18. h4 Nce7 19. h5 g5 20. b5 Rac8 21. Rbc1
Rxc1 22. Rxc1 Nf5 23. Kf1 Qe6 24. Qd1 Qd7 25. Qb3 Qe6 26. Qd1 Qd7 27. Qb3
1/2-1/2

[Event "Youth World Cup U18 Prel"]
[Site "Tornelo INT"]
[Date "2021.08.16"]
[Round "1.34"]
[White "Rodrigue-Lemieux, Shawn"]
[Black "Moreno, Diego"]
[Result "1-0"]
[WhiteElo "2276"]
[BlackElo "1578"]
[PlyCount "75"]
[EventDate "2021.08.16"]
[EventType "swiss (rapid)"]
[EventRounds "10"]
[EventCountry "NET"]
[Source "Mark Crowther"]
[SourceDate "2021.08.23"]

1. c4 e5 2. g3 Nf6 3. Bg2 Nc6 4. Nc3 Be7 5. Nf3 d5 6. cxd5 Nxd5 7. Nxe5 Nxc3 8.
Bxc6+ bxc6 9. dxc3 Qxd1+ 10. Kxd1 Bb7 11. Kc2 O-O 12. Rd1 Rfd8 13. Be3 Rd5 14.
Nd3 a5 15. Nf4 Rd6 16. Rd3 Rad8 17. Rad1 Bg5 18. Rxd6 Rxd6 19. Ng2 Be7 20. Bf4
Re6 21. Ne3 Bd6 22. Bxd6 cxd6 23. Nc4 Rxe2+ 24. Rd2 Rxd2+ 25. Kxd2 Kf8 26. Nxd6
Ba6 27. Ne4 Ke7 28. Ke3 Bc4 29. b3 Be6 30. Kd4 Bf5 31. Nc5 Bb1 32. a4 Bc2 33.
Kc4 Bd1 34. Nb7 Kf6 35. Nxa5 Kg5 36. Nxc6 Kg4 37. a5 Bf3 38. Ne5+ 1-0

[Event "Youth World Cup U18 Prel"]
[Site "Tornelo INT"]
[Date "2021.08.16"]
[Round "2.28"]
[White "Washimkar, Arhant"]
[Black "Rodrigue-Lemieux, Shawn"]
[Result "0-1"]
[WhiteElo "1671"]
[BlackElo "2276"]
[PlyCount "82"]
[EventDate "2021.08.16"]
[EventType "swiss (rapid)"]
[EventRounds "10"]
[EventCountry "NET"]
[Source "Mark Crowther"]
[SourceDate "2021.08.23"]

1. e4 c6 2. d4 d5 3. exd5 cxd5 4. Bd3 Nc6 5. c3 Nf6 6. Bf4 Bg4 7. Nf3 e6 8.
Nbd2 Bd6 9. Bg3 O-O 10. O-O Rb8 11. a4 a6 12. Re1 Qc7 13. Qe2 Rfe8 14. Bxd6
Qxd6 15. h3 Bh5 16. Qe3 Qc7 17. Ne5 Nxe5 18. Qxe5 Qb6 19. Rab1 Bg6 20. Bxg6
hxg6 21. Qe2 Rbc8 22. Qd1 Rc7 23. Qb3 Qd6 24. a5 Qf4 25. Qc2 Qxd4 26. cxd4 Rxc2
27. Nb3 Ne4 28. Rf1 Rec8 29. f3 Nd2 30. Nxd2 Rxd2 31. Rfd1 Rcc2 32. Rxd2 Rxd2
33. Kf1 Rxd4 34. Rc1 Rb4 35. Rc8+ Kh7 36. Rc7 f6 37. Rc2 Rb5 38. Re2 e5 39. Rc2
Rxa5 40. b4 Rb5 41. Rb2 a5 0-1

[Event "Youth World Cup U18 Prel"]
[Site "Tornelo INT"]
[Date "2021.08.17"]
[Round "3.7"]
[White "Rodrigue-Lemieux, Shawn"]
[Black "Aronyak, Ghosh"]
[Result "1/2-1/2"]
[WhiteElo "2276"]
[BlackElo "2440"]
[PlyCount "163"]
[EventDate "2021.08.16"]
[EventType "swiss (rapid)"]
[EventRounds "10"]
[EventCountry "NET"]
[Source "Mark Crowther"]
[SourceDate "2021.08.23"]

1. c4 c5 2. g3 g6 3. Bg2 Bg7 4. Nc3 Nc6 5. Nf3 Nf6 6. d4 cxd4 7. Nxd4 O-O 8.
O-O Qa5 9. Nb3 Qh5 10. e4 d6 11. Qxh5 Nxh5 12. Be3 Nf6 13. Rad1 Be6 14. Nd5
Rac8 15. c5 Bxd5 16. exd5 Ne5 17. Bd4 Nfd7 18. cxd6 exd6 19. Na5 Nc4 20. Bxg7
Kxg7 21. Nxb7 Rb8 22. b3 Rxb7 23. bxc4 Rfb8 24. Rfe1 Nc5 25. Re3 a5 26. Bf3 Rb2
27. a3 Rc2 28. Re7 Rbb2 29. Rf1 Rxc4 30. Rc7 Rc3 31. Bg4 Rxa3 32. Rc6 Ne4 33.
Bh3 Raa2 34. Bg2 Nxf2 35. Rxd6 Ng4 36. Be4 Nxh2 37. Rb1 Re2 38. Bh1 Ng4 39. Bf3
Ne5 40. Bxe2 Rxe2 41. Rf1 Rd2 42. Rd8 a4 43. Ra8 Rd4 44. d6 h5 45. Rf4 Rxd6 46.
Raxa4 f5 47. Rf1 Kf6 48. Kg2 Ng4 49. Kg1 Kg5 50. Ra3 Rd2 51. Rb3 Nf6 52. Rf2
Rd1+ 53. Kg2 Ne4 54. Re2 Rd4 55. Ra3 Rb4 56. Rf3 Nf6 57. Ra3 Ng4 58. Rf3 Nf6
59. Ra3 Rg4 60. Rf3 Ne4 61. Kh2 Kh6 62. Rg2 Kg5 63. Rf4 Nf6 64. Rxg4+ Kxg4 65.
Rf2 g5 66. Kg2 Ne4 67. Rf3 Nf6 68. Ra3 Nd5 69. Ra4+ f4 70. gxf4 Nxf4+ 71. Kh2
h4 72. Ra3 Kh5 73. Ra4 Kg4 74. Ra3 Ng6 75. Ra4+ Kf5 76. Ra5+ Ne5 77. Kh3 Kf4
78. Ra4+ Kf5 79. Ra5 Kf4 80. Ra4+ Kf3 81. Rxh4 gxh4 82. Kxh4 1/2-1/2

[Event "Youth World Cup U18 Prel"]
[Site "Tornelo INT"]
[Date "2021.08.17"]
[Round "4.7"]
[White "Suleymanli, Aydin"]
[Black "Rodrigue-Lemieux, Shawn"]
[Result "1/2-1/2"]
[WhiteElo "2536"]
[BlackElo "2276"]
[PlyCount "38"]
[EventDate "2021.08.16"]
[EventType "swiss (rapid)"]
[EventRounds "10"]
[EventCountry "NET"]
[Source "Mark Crowther"]
[SourceDate "2021.08.23"]

1. d4 Nf6 2. c4 e6 3. Nf3 d5 4. Nc3 Bb4 5. Qa4+ Nc6 6. e3 O-O 7. a3 Bxc3+ 8.
bxc3 Re8 9. cxd5 exd5 10. Bd3 Bg4 11. Rb1 Rb8 12. O-O Ne4 13. Qc2 Bxf3 14. gxf3
Qh4 15. fxe4 Qg4+ 16. Kh1 Qf3+ 17. Kg1 Qg4+ 18. Kh1 Qf3+ 19. Kg1 Qg4+ 1/2-1/2

[Event "Youth World Cup U18 Prel"]
[Site "Tornelo INT"]
[Date "2021.08.18"]
[Round "5.7"]
[White "Ahmadzada, Ahmad"]
[Black "Rodrigue-Lemieux, Shawn"]
[Result "0-1"]
[WhiteElo "2462"]
[BlackElo "2276"]
[PlyCount "116"]
[EventDate "2021.08.16"]
[EventType "swiss (rapid)"]
[EventRounds "10"]
[EventCountry "NET"]
[Source "Mark Crowther"]
[SourceDate "2021.08.23"]

1. c4 Nf6 2. Nc3 e6 3. e4 d5 4. e5 d4 5. exf6 dxc3 6. bxc3 Qxf6 7. d4 e5 8. Nf3
exd4 9. Bg5 Qe6+ 10. Be2 Be7 11. cxd4 O-O 12. O-O Bxg5 13. Nxg5 Qf6 14. Qd2 Nc6
15. d5 Nd4 16. Bd3 Bf5 17. Bxf5 Qxf5 18. f4 c5 19. Rae1 Rfe8 20. Rxe8+ Rxe8 21.
Re1 Rf8 22. a4 b6 23. Re7 Qb1+ 24. Kf2 h6 25. Ne4 Qb3 26. Rxa7 Qxc4 27. Nc3 Re8
28. d6 Qe6 29. d7 Rd8 30. Qe3 Kf8 31. Qxe6 fxe6 32. Rb7 Ke7 33. Rxb6 Rxd7 34.
a5 Ra7 35. a6 Kd7 36. Na4 Kc7 37. Ke3 Nc6 38. Rb7+ Rxb7 39. axb7 Kd6 40. Ke4 c4
41. Nc3 Kc7 42. Nb5+ Kxb7 43. Nd6+ Kc7 44. Ne8+ Kd7 45. Nxg7 Kd6 46. Nh5 Kc5
47. Ng3 c3 48. Ke3 Kc4 49. Ne2 c2 50. Kd2 Kb3 51. Kc1 h5 52. g3 Nb4 53. h3 Na2+
54. Kd2 Kb2 55. g4 hxg4 56. hxg4 Nc3 57. Nc1 Ne4+ 58. Ke3 Kxc1 0-1

[Event "Youth World Cup U18 Prel"]
[Site "Tornelo INT"]
[Date "2021.08.18"]
[Round "6.7"]
[White "Rodrigue-Lemieux, Shawn"]
[Black "Srihari, L R."]
[Result "1/2-1/2"]
[WhiteElo "2276"]
[BlackElo "2414"]
[PlyCount "79"]
[EventDate "2021.08.16"]
[EventType "swiss (rapid)"]
[EventRounds "10"]
[EventCountry "NET"]
[Source "Mark Crowther"]
[SourceDate "2021.08.23"]

1. c4 e5 2. g3 d6 3. Nc3 f5 4. Nf3 Nf6 5. d4 e4 6. Ng5 c6 7. d5 Be7 8. Bg2 Na6
9. O-O O-O 10. b3 Nc7 11. Nh3 cxd5 12. cxd5 Nd7 13. Bb2 Bf6 14. Rc1 Be5 15. Qd2
Nf6 16. Nf4 b6 17. Rfd1 Qe7 18. Na4 Na6 19. Bxe5 Qxe5 20. Nb2 Qe7 21. Nc4 Bd7
22. Ne3 g6 23. Nc2 Rfc8 24. Nd4 Rxc1 25. Rxc1 Rc8 26. Nc6 Qf7 27. Nxa7 Rxc1+
28. Qxc1 Nxd5 29. Nxd5 Qxd5 30. Nc8 Qc5 31. Qxc5 bxc5 32. Nxd6 Nb4 33. a4 Be6
34. Nb7 Na6 35. e3 Bxb3 36. Bf1 c4 37. Na5 Nc5 38. Bxc4+ Bxc4 39. Nxc4 Nxa4 40.
Kg2 1/2-1/2

[Event "Youth World Cup U18 Prel"]
[Site "Tornelo INT"]
[Date "2021.08.19"]
[Round "7.10"]
[White "Ehrlich, Roy"]
[Black "Rodrigue-Lemieux, Shawn"]
[Result "1-0"]
[WhiteElo "2182"]
[BlackElo "2276"]
[PlyCount "49"]
[EventDate "2021.08.16"]
[EventType "swiss (rapid)"]
[EventRounds "10"]
[EventCountry "NET"]
[Source "Mark Crowther"]
[SourceDate "2021.08.23"]

1. e4 c6 2. d4 d5 3. Nd2 dxe4 4. Nxe4 Nf6 5. Ng3 c5 6. Nf3 Nc6 7. Be3 Ng4 8. d5
Nxe3 9. fxe3 Nb4 10. e4 e6 11. c3 Na6 12. Bb5+ Bd7 13. Bxd7+ Qxd7 14. Ne5 Qd6
15. Qa4+ Ke7 16. dxe6 Qxe6 17. Rd1 Rd8 18. Nf5+ Kf6 19. Ng4+ Kg5 20. Rxd8 Kxg4
21. Qd1+ Kg5 22. h4+ Kf6 23. O-O Qe5 24. Ng3+ Kg6 25. Qg4+ 1-0

[Event "Youth World Cup U18 Prel"]
[Site "Tornelo INT"]
[Date "2021.08.19"]
[Round "8.14"]
[White "Rodrigue-Lemieux, Shawn"]
[Black "Alexakis, Dimitris"]
[Result "1-0"]
[WhiteElo "2276"]
[BlackElo "2446"]
[PlyCount "73"]
[EventDate "2021.08.16"]
[EventType "swiss (rapid)"]
[EventRounds "10"]
[EventCountry "NET"]
[Source "Mark Crowther"]
[SourceDate "2021.08.23"]

1. c4 b6 2. Nc3 Bb7 3. e4 e5 4. g3 h5 5. h3 h4 6. g4 Ne7 7. Bg2 Ng6 8. Nge2 Nc6
9. d3 Be7 10. Be3 Bg5 11. Qd2 f6 12. O-O O-O 13. f4 exf4 14. Nxf4 Nxf4 15. Bxf4
Bxf4 16. Qxf4 Nd4 17. Qf2 c5 18. Qxh4 Qc7 19. Rf2 Rf7 20. Nd5 Bxd5 21. exd5 f5
22. d6 Qd8 23. Qxd8+ Rxd8 24. Bd5 Re8 25. gxf5 Kf8 26. Bxf7 Kxf7 27. Kf1 Kf6
28. Re1 Rd8 29. Kg2 Nxf5 30. h4 g6 31. Re7 Rh8 32. Rxd7 Ke6 33. Rxa7 Kxd6 34.
Rb7 Kc6 35. Rf7 Nxh4+ 36. Kg3 g5 37. R2f6# 1-0

[Event "Youth World Cup U18 Prel"]
[Site "Tornelo INT"]
[Date "2021.08.20"]
[Round "9.11"]
[White "Anuj, Shrivatri"]
[Black "Rodrigue-Lemieux, Shawn"]
[Result "1-0"]
[WhiteElo "2350"]
[BlackElo "2276"]
[PlyCount "87"]
[EventDate "2021.08.16"]
[EventType "swiss (rapid)"]
[EventRounds "10"]
[EventCountry "NET"]
[Source "Mark Crowther"]
[SourceDate "2021.08.23"]

1. d4 Nf6 2. c4 e6 3. Nf3 d5 4. g3 Be7 5. Bg2 O-O 6. O-O dxc4 7. Qc2 a6 8. a4
Bd7 9. Qxc4 Bc6 10. Bf4 Bd6 11. Nc3 a5 12. Bd2 Na6 13. Rfd1 Nb4 14. Ne5 Bxg2
15. Kxg2 c6 16. e4 Qb6 17. Nf3 Be7 18. Rac1 Rfd8 19. h3 Rac8 20. Be3 Qc7 21.
Qe2 Qb8 22. Bf4 Qa7 23. Rd2 h6 24. Rcd1 Bf8 25. Ne5 Qb6 26. g4 Nd7 27. Nc4 Qa6
28. g5 hxg5 29. Bxg5 Re8 30. e5 Nd5 31. Ne4 f6 32. exf6 gxf6 33. Be3 Re7 34.
Kh1 Rg7 35. Rg1 f5 36. Nc5 Nxc5 37. dxc5 Nxe3 38. fxe3 Rcc7 39. Rxg7+ Rxg7 40.
Rd8 b6 41. cxb6 c5 42. Rb8 Rb7 43. Rxb7 Qxb7+ 44. Qg2+ 1-0

[Event "Titled Tuesday 2021.08.03"]
[Site "chess.com INT"]
[Date "2021.08.03"]
[Round "2"]
[White "Legenia, Artem"]
[Black "Rodrigue-Lemieux, Shawn"]
[Result "0-1"]
[WhiteElo "2092"]
[BlackElo "2276"]
[PlyCount "54"]
[EventDate "2021.08.03"]
[EventType "swiss (blitz)"]
[EventRounds "11"]
[EventCountry "NET"]
[Source "Mark Crowther"]
[SourceDate "2021.08.10"]

1. e4 c6 2. Nf3 d5 3. exd5 cxd5 4. Bb5+ Nc6 5. O-O Nf6 6. b3 e6 7. Bxc6+ bxc6
8. Ne5 Bd6 9. Bb2 Qc7 10. f4 O-O 11. d3 Nd7 12. Qe2 f6 13. Nxd7 Bxd7 14. g3 e5
15. fxe5 fxe5 16. Nd2 Bh3 17. Rxf8+ Rxf8 18. c4 Bc5+ 19. d4 exd4 20. Kh1 d3 21.
Qh5 Qd7 22. Re1 Bb4 23. Bc1 Bg4 24. Qg5 dxc4 25. bxc4 Qd4 26. Re4 Bf3+ 27. Nxf3
Qxe4 0-1

[Event "Titled Tuesday 2021.08.03"]
[Site "chess.com INT"]
[Date "2021.08.03"]
[Round "9"]
[White "Labussiere, Yago"]
[Black "Rodrigue-Lemieux, Shawn"]
[Result "0-1"]
[WhiteElo "2137"]
[BlackElo "2276"]
[PlyCount "70"]
[EventDate "2021.08.03"]
[EventType "swiss (blitz)"]
[EventRounds "11"]
[EventCountry "NET"]
[Source "Mark Crowther"]
[SourceDate "2021.08.10"]

1. c4 e6 2. Nf3 d5 3. d4 Nf6 4. g3 Be7 5. Bg2 O-O 6. O-O dxc4 7. Qc2 a6 8. a4
Bd7 9. Qxc4 Bc6 10. Bg5 a5 11. Nc3 Nbd7 12. Qd3 h6 13. Bxf6 Nxf6 14. e4 Bb4 15.
Ne5 Be8 16. Rfd1 c6 17. h3 Qc7 18. Qe3 Rd8 19. Nd3 Be7 20. Nc5 b6 21. Nd3 Nd7
22. Rac1 Bg5 23. f4 Be7 24. e5 Qb8 25. Bxc6 Rc8 26. Bf3 f5 27. Nb5 g5 28. d5
exd5 29. Bxd5+ Kg7 30. Kh2 Nc5 31. Nxc5 Bxc5 32. Qf3 Rd8 33. Bc6 Bf7 34. Kg2
Qc8 35. Kh2 Qe6 0-1

[Event "Titled Tuesday 2021.08.03"]
[Site "chess.com INT"]
[Date "2021.08.03"]
[Round "11"]
[White "Khodzhamkuliev, B."]
[Black "Rodrigue-Lemieux, Shawn"]
[Result "0-1"]
[WhiteElo "2167"]
[BlackElo "2276"]
[PlyCount "76"]
[EventDate "2021.08.03"]
[EventType "swiss (blitz)"]
[EventRounds "11"]
[EventCountry "NET"]
[Source "Mark Crowther"]
[SourceDate "2021.08.10"]

1. Nf3 g6 2. d4 Bg7 3. c3 b6 4. Bg5 Bb7 5. Nbd2 h6 6. Bh4 c5 7. e3 d6 8. Bb5+
Nd7 9. Qa4 a6 10. Bd3 Ngf6 11. O-O O-O 12. b4 b5 13. Qd1 Rc8 14. a4 Nd5 15.
bxc5 dxc5 16. axb5 Nxc3 17. Qb3 Nxb5 18. Bxb5 axb5 19. Qxb5 Bc6 20. Qa5 Qxa5
21. Rxa5 cxd4 22. Nxd4 Bxd4 23. exd4 Nf6 24. Bxf6 exf6 25. Rc5 Ba8 26. Rfc1
Rcd8 27. Nb3 Kg7 28. h4 h5 29. Rc7 Rfe8 30. Ra7 Bd5 31. Rc3 Re1+ 32. Kh2 Re4
33. g3 Re1 34. f3 Rde8 35. g4 R8e2+ 36. Kg3 hxg4 37. Kxg4 Rg1+ 38. Kf4 g5+ 0-1

[Event "Titled Tuesday 2021.07.27"]
[Site "chess.com INT"]
[Date "2021.07.27"]
[Round "1"]
[White "Smirnov, Alexandr"]
[Black "Rodrigue-Lemieux, Shawn"]
[Result "0-1"]
[WhiteElo "2136"]
[BlackElo "2276"]
[PlyCount "72"]
[EventDate "2021.07.27"]
[EventType "swiss (blitz)"]
[EventRounds "11"]
[EventCountry "NET"]
[Source "Mark Crowther"]
[SourceDate "2021.08.02"]

1. e4 c6 2. d4 d5 3. e5 Bf5 4. Nf3 e6 5. Be2 Ne7 6. O-O c5 7. Be3 Nec6 8. c4
dxc4 9. Na3 cxd4 10. Nxd4 Nxd4 11. Bxd4 Bxa3 12. bxa3 O-O 13. Bxc4 Qh4 14. g3
Qh3 15. Be3 Nc6 16. f4 Rfd8 17. Qe2 Bg4 18. Qf2 Qh5 19. Rac1 Qf5 20. Bb5 Rac8
21. Bxa7 Nxa7 22. Qxa7 Qe4 23. Qf2 h5 24. Rxc8 Rxc8 25. Re1 Qd5 26. Bf1 Rc3 27.
Bg2 Qa5 28. Bxb7 Rxa3 29. Rc1 Rxa2 30. Be4 f5 31. Bc2 Qc3 32. Qb6 Rxc2 33. Rxc2
Qxc2 34. h3 Bxh3 35. Qxe6+ Kh7 36. Qe8 Qg2# 0-1

[Event "Titled Tuesday 2021.07.27"]
[Site "chess.com INT"]
[Date "2021.07.27"]
[Round "2"]
[White "Rodrigue-Lemieux, Shawn"]
[Black "Lemos, Dawton Almino"]
[Result "1-0"]
[WhiteElo "2276"]
[BlackElo "2180"]
[PlyCount "79"]
[EventDate "2021.07.27"]
[EventType "swiss (blitz)"]
[EventRounds "11"]
[EventCountry "NET"]
[Source "Mark Crowther"]
[SourceDate "2021.08.02"]

1. c4 Nf6 2. g3 e6 3. Bg2 d5 4. Nf3 Be7 5. O-O O-O 6. b3 c5 7. Bb2 Nc6 8. e3 b6
9. Nc3 Ba6 10. Qe2 Qd7 11. Rfd1 Rad8 12. Rac1 Rfe8 13. d3 d4 14. exd4 cxd4 15.
Ne4 e5 16. Nfd2 Nxe4 17. Bxe4 Bf8 18. Nf3 Bb7 19. a3 a5 20. Nh4 g6 21. Qf3 Kg7
22. Re1 Be7 23. Bd5 Bxh4 24. gxh4 f5 25. b4 axb4 26. axb4 Nxb4 27. Bxb7 e4 28.
Bxe4 fxe4 29. Rxe4 Rf8 30. Bxd4+ Kg8 31. Qg3 Nc6 32. Bxb6 Qxd3 33. Re3 Qd2 34.
Rf1 Rd4 35. Bxd4 Nxd4 36. Qg4 Nf5 37. Rf3 Qe2 38. h3 Rc8 39. Rf4 Rc5 40. Qxe2
1-0

[Event "Titled Tuesday 2021.02.02"]
[Site "chess.com INT"]
[Date "2021.02.02"]
[Round "2"]
[White "Lesovoi, Evgenij"]
[Black "Rodrigue-Lemieux, Shawn"]
[Result "1/2-1/2"]
[WhiteElo "2347"]
[BlackElo "2276"]
[PlyCount "259"]
[EventDate "2021.02.02"]
[EventType "swiss (blitz)"]
[EventRounds "11"]
[EventCountry "NET"]
[Source "Mark Crowther"]
[SourceDate "2021.02.08"]

1. d4 Nf6 2. c4 e6 3. Nc3 Bb4 4. e3 O-O 5. Nge2 Re8 6. a3 Bf8 7. g3 d5 8. Bg2
c6 9. b3 Nbd7 10. O-O b6 11. e4 Ba6 12. e5 Ng4 13. h3 Nh6 14. Bxh6 gxh6 15.
cxd5 cxd5 16. Qd2 Rc8 17. Rfc1 Qg5 18. Nf4 Rc7 19. h4 Qe7 20. Ncxd5 Rxc1+ 21.
Rxc1 exd5 22. Nxd5 Qxa3 23. Rc7 Bb5 24. Bh3 Qxb3 25. Rxd7 Bxd7 26. Nf6+ Kh8 27.
Bxd7 Rd8 28. Qf4 Qb1+ 29. Kg2 Bg7 30. Bf5 Qd1 31. Nd7 a5 32. Bg4 Qa4 33. Qxf7
Qxd4 34. e6 Qxg4 35. f3 Qd4 36. Kh3 Qd2 37. Nf6 Qd6 38. Nh5 Qf8 39. Qb7 Re8 40.
Kg4 Qg8 41. f4 Bf6+ 42. Kf3 Rxe6 43. Nxf6 Rxf6 44. Qe4 Rg6 45. Qd4+ Rg7 46. h5
Qf7 47. g4 Qb3+ 48. Kg2 Qg8 49. Kg3 a4 50. g5 hxg5 51. fxg5 Qb3+ 52. Kh4 Qf7
53. h6 Kg8 54. hxg7 a3 55. Qxb6 a2 56. Qb8+ Kxg7 57. Qb2+ Kg8 58. Qb8+ Kg7 59.
Qb2+ Kf8 60. Qb8+ Qe8 61. Qf4+ Kg8 62. Qc4+ Qf7 63. Qc8+ Kg7 64. Qc3+ Kg6 65.
Qc2+ Kg7 66. Qc3+ Kf8 67. Qc8+ Ke7 68. Qc7+ Ke6 69. Qc4+ Ke7 70. Qc7+ Kf8 71.
Qc8+ Qe8 72. Qf5+ Kg8 73. Qd5+ Qf7 74. Qd8+ Kg7 75. Qd4+ Kf8 76. Qd8+ Qe8 77.
Qd6+ Kg7 78. Qd4+ Kf7 79. Qc4+ Ke7 80. Qxa2 Qc6 81. Qe2+ Kf7 82. Qf2+ Kg8 83.
Qf6 Qe4+ 84. Kg3 Qd3+ 85. Kg4 Qd7+ 86. Kg3 Qd3+ 87. Kg4 Qg6 88. Qd8+ Kg7 89.
Qe7+ Qf7 90. Qe5+ Kg6 91. Qe4+ Kg7 92. Qe5+ Kf8 93. Qh8+ Ke7 94. Qe5+ Kd7 95.
Qb5+ Kd6 96. Qb6+ Ke5 97. Qe3+ Kd6 98. Qd4+ Ke7 99. Qa7+ Ke6 100. Qa2+ Ke7 101.
Qa7+ Kf8 102. Qd4 Qe6+ 103. Kh4 Qg6 104. Qf4+ Kg8 105. Qb8+ Kg7 106. Qc7+ Kg8
107. Qd8+ Kg7 108. Qe7+ Qf7 109. Qe5+ Kg6 110. Qe4+ Kg7 111. Qe5+ Kg8 112. Qb8+
Qf8 113. Qb3+ Kh8 114. Qc3+ Kg8 115. Qc4+ Qf7 116. Qc8+ Kg7 117. Qc3+ Kg6 118.
Qd3+ Kg7 119. Qd4+ Kf8 120. Qh8+ Ke7 121. Qe5+ Kd8 122. Qd6+ Kc8 123. Qc6+ Kd8
124. Qa8+ Ke7 125. Qb7+ Ke6 126. Qe4+ Kd6 127. Qd4+ Ke7 128. Qe5+ Kd7 129. Kg3
Qb3+ 130. Kg4 1/2-1/2

[Event "Titled Tuesday 2021.01.26"]
[Site "chess.com INT"]
[Date "2021.01.26"]
[Round "1"]
[White "Rodrigue-Lemieux, Shawn"]
[Black "Terletsky, O."]
[Result "1-0"]
[WhiteElo "2276"]
[BlackElo "2224"]
[PlyCount "67"]
[EventDate "2021.01.26"]
[EventType "team (blitz)"]
[EventRounds "11"]
[EventCountry "NET"]
[Source "Mark Crowther"]
[SourceDate "2021.02.01"]

1. c4 Nf6 2. g3 g6 3. Bg2 Bg7 4. Nc3 d6 5. e4 c5 6. Nge2 Nc6 7. O-O h5 8. d3 h4
9. Nd5 hxg3 10. hxg3 Bh3 11. Bxh3 Rxh3 12. Kg2 Rh8 13. Rh1 Rxh1 14. Qxh1 Ne5
15. Nef4 Qd7 16. Nxf6+ Bxf6 17. Nd5 O-O-O 18. Nxf6 exf6 19. Qh4 Qe6 20. Bd2
Nxd3 21. Bc3 g5 22. Qh7 Qxc4 23. Bxf6 Re8 24. Rd1 Qc2 25. Qf5+ Kc7 26. Rh1 Re6
27. Bxg5 Nxf2 28. Qxf7+ Kc6 29. Qxf2 Qxe4+ 30. Qf3 d5 31. Qxe4 Rxe4 32. Kf3 Rb4
33. Bf6 a5 34. g4 1-0